Science Quiz

Random Science Quiz
Score 0/24 Timer 10:00
0 Plays Today
Date Range Species % Correct
200ka - presentHomo sapien
83.9%
300 - 40kaHomo neanderthalensis
50.6%
7 - 6maSahelanthropus tchadensis
49.4%
1.8 - 0.6maHomo erectus
46%
94 - 13kaHomo floresiensis
44.8%
4.4maArdipithecus ramidus
43.7%
6.6 - 5.7maOrrorin tugenensis
42.5%
3.9 - 2.8maAustralopithecus afarensis
42.5%
2.4 - 1.4maHomo habilis
39.1%
600 - 250kaHomo heidelbergensis
37.9%
5.8 - 5.2maArdipithecus kadabba
36.8%
2.9 - 2.4maAustralopithecus africanus
35.6%
Date Range Species % Correct
4.2 - 3.9maAustralopithecus anamensis
34.5%
3.5 - 3.2maKenyanthropus platyops
32.2%
1.95maAustralopithecus sediba
31%
1.8 - 0.6maHomo ergaster
31%
2.3 - 1.2maParanthropus boisei
29.9%
2.5maAustralopithecus garhi
27.6%
1.9maHomo rudolfensis
27.6%
1.8 - 1.4maParanthropus robustus
26.4%
1.8maHomo georgicus
26.4%
3.5 - 3.0maAustralopithecus bahrelghazali
25.3%
2.7 - 2.3maParanthropus aethiopicus
24.1%
1.2 - 0.8maHomo antecessor
21.8%
Come Together.
Have Fun.
All Virtual.
We all need to come together. Play Sporcle's virtual live trivia to have fun, connect with people, and get your trivia on. Join a live hosted trivia game for your favorite pub trivia experience done virtually. If a virtual private party is more your thing, go here for details.

You're not logged in!

Compare scores with friends on all Sporcle quizzes.
OR
Log In

Sporcle TV

Today on Sporcle TV


Watch our educational content, quiz creation guides, and fun videos on Sporcle TV.

Show Comments

Extras

Top Quizzes Today


Score Distribution

Paid Content

Your Account Isn't Verified!

In order to create a playlist on Sporcle, you need to verify the email address you used during registration. Go to your Sporcle Settings to finish the process.

Report this User

Report this user for behavior that violates our Community Guidelines.

Details: